00362nam a2200145Ia 4500008004100000020001500041041001200056082001600068100001400084245005300098250000800151260003500159300000800194650001400202221030s9999 xx 000 0 und d a817758331X aEnglish a105.23bBra aI. Bratko 0aProlog - Programming for Artificial Intelligence a3rd bPearson EducationaDelhic2005 a678 aComputers